Collection of innovations 2009 : process innovation.
| Corporate Author: | |
|---|---|
| Format: | Book |
| Published: |
Petaling Jaya:
MPC,
2009.
|
| Subjects: |
| LEADER | 00482cam a2200157 7i4500 | ||
|---|---|---|---|
| 001 | 0000024866 | ||
| 005 | 20100726090000.0 | ||
| 020 | 0 | 0 | |a 978-983-2025-64-1 |
| 090 | 0 | 0 | |a M 658.4063 |b MAL |
| 110 | 2 | 0 | |a Malaysia Productivity Corporation (MPC) |
| 245 | 0 | 0 | |a Collection of innovations 2009 : |b process innovation. |
| 260 | 0 | 0 | |a Petaling Jaya: |b MPC, |c 2009. |
| 300 | # | # | |a 130 p. |
| 650 | 0 | 0 | |a Innovation -- |z Malaysia |
| 651 | 0 | 0 | |a Malaysia |
| 999 | |a 0000026545 |b Book |c Malaysia |e Business Information Centre | ||


